000 00728nam a2200289Ia 4500
005 20260324114137.0
008 008 260324s9999 xx 000 0 eng d
020 _a9781003319856
037 _aEBOOK
040 _aCRL
040 _beng
040 _cCRL
041 _2eng
041 _aeng
084 _qCRL
100 _aViswanathan S. Saji
_9971546
245 0 _aAdvances in Corrosion Control of Magnesium and its Alloys
245 0 _bMetal Matrix Composites and Protective Coatings
260 _bTaylor and Francis
260 _c2023
365 _a
365 _b355
856 _uhttp://www.taylorfrancis.com/books/9781003319856
942 _cEBOOK
999 _c1739626
_d1739626